Normal view
MARC view
- Fish June
Entry Personal Name
001 - CONTROL NUMBER
- control field: 211206
003 - CONTROL NUMBER IDENTIFIER
- control field: OSt
005 - DATE AND TIME OF LATEST TRANSACTION
- control field: 20250201152232.0
008 - FIXED-LENGTH DATA ELEMENTS
- fixed length control field: 250201|| aca||aabn | a|a d
040 ## - CATALOGING SOURCE
- Original cataloging agency: OSt
- Transcribing agency: OSt
100 ## - HEADING--PERSONAL NAME
- Personal name: Fish June
670 ## - SOURCE DATA FOUND
- Source citation: Work cat.: (OSt)364956: Fish June, Designing and Printing Textiles, 2012